00329 2200133 4500001002100000005001500021035002000036245006100056260003400117082000800151084001200159990001200171990001200183INLIS00000000000258820250605020700 a0010-0625000174 aPengolahan Jagung Sebagai Industri Kecil /cYogi Pramono aBandung :bTitian Ilmu,c2001 a600 a600 PEN a0420969 a0420670